Zgadnij brakujące literki - Statystyki

Ogólne statystyki
  • Ten quiz został rozwiązany 50 razy
    28 od ostatniego zresetowania
  • Średni wynik to 7 z 8
Statystyki odpowiedzi
Hint Odpowiedź % Poprawnych
Kr_l ó
100%
Pi_rko Ó
100%
D_wig Ź
100%
Gara__ Ż
100%
Pod_e Ł
88%
Zio_o Ł
88%
_arfa h
85%
Zaba_ka W
77%
Nie znaleziono quizów pasujących do podanych kryteriów
Rozkład punktacji
Procent ludzi z każdym wynikiem
Percentyl według liczby udzielonych odpowiedzi
Twoja historia wyników
Nie rozwiązałeś tego quizu od ostatniego zresetowania